Formación para la innovación : el currículo ante las demandas de la nueva tecnología /
Gorde:
| Egile nagusia: | |
|---|---|
| Beste egile batzuk: | |
| Formatua: | Liburua |
| Hizkuntza: | gaztelania |
| Argitaratua: |
México :
ANUIES,
2011, c2011
|
| Saila: | (Biblioteca de la Educación Superior. Investigaciones)
|
| Gaiak: | |
| Etiketak: |
Etiketarik gabe, Izan zaitez lehena erregistro honi etiketa jartzen!
|
MARC
| LEADER | 00000nam^a2200000^a^4500 | ||
|---|---|---|---|
| 001 | 000318673 | ||
| 005 | 20250521000000.0 | ||
| 009 | 20260310113419.817 | ||
| 020 | |a 978-607-451-039-3 | ||
| 037 | |a Acervo ITESO - Biblioteca | ||
| 041 | |a ESP | ||
| 082 | |a 378. 199 |b DIA | ||
| 100 | |a Martínez Lobatos, Lilia |e (autor) | ||
| 245 | 1 | 0 | |a Formación para la innovación : |b el currículo ante las demandas de la nueva tecnología / |c L. Martínez Lobatos ; pról. de A. Díaz Barriga. |
| 264 | 4 | |a México : |b ANUIES, |c 2011, c2011 | |
| 300 | |a 208 p. | ||
| 336 | |a texto |b txt |2 rdacontenido | ||
| 337 | |a sin mediación |b n |2 rdamedio | ||
| 338 | |a volumen |b nc |2 rdasoporte | ||
| 440 | 1 | |a (Biblioteca de la Educación Superior. |p Investigaciones) | |
| 649 | |a XX | ||
| 650 | |a Currículo | ||
| 650 | |a Diseño y Revisión Curricular - |z México - |x Tema Principal | ||
| 650 | |a Innovación Educativa - |x Tema Principal | ||
| 650 | |a Calidad de la Educación | ||
| 650 | |a Educación y Desarrollo - |x Tema Principal | ||
| 650 | |a Sector Productivo y Educación | ||
| 650 | |a Desarrollo Económico-Social | ||
| 650 | |a Educación Superior | ||
| 700 | |a Díaz Barriga, Angel |e (prólogo) | ||
| 910 | |a Fondo General | ||
| 920 | |a Impresos - Libros | ||
| 930 | |a Colección General | ||
| 905 | |a 101 | ||
| 901 | |a 0500205643 |b IT1 |c ACC |i D57501 |u 20250521 | ||
| 902 | |a https://opac.biblio.iteso.mx/vufind/Record/000318673 | ||